000 00243nam a2200097Ia 4500
001 1164678
005 20250827011726.0
008 250824s9999 xx 000 0 und d
245 0 _aNE OKURSAN O OLURSUN
_cROBERT DIYANNI
260 _bANTRE KİTAP
999 _c1164678
_d1164678